| 000 | 00692nam a22002297a 4500 | ||
|---|---|---|---|
| 003 | UA-OsUOA | ||
| 001 | 67349 | ||
| 007 | ta | ||
| 008 | 20100222b un ||||| |||| 00| 0 ukr d | ||
| 090 |
_a32(038) _bХ97 |
||
| 942 | _cBK | ||
| 040 |
_aUA-OsUOA _bukr _cUA-OsUOA _dUA-OsUOA |
||
| 245 |
_aХто є хто в європейській та американській науці. Малий політологічний словник _cБ. Кухта, А. Романюк |
||
| 300 | _a288 с. | ||
| 955 | _a2 | ||
| 041 | _aukr | ||
| 080 | _a32(038) | ||
| 020 | _a966-7092-08-9 | ||
| 260 |
_aЛьвів _bКальварія _c1997 |
||
| 650 | 7 |
_a32 Політика _2UDC |
|
| 999 |
_c353433 _d353433 |
||